| 000 | 00000nam##2200000za#4500 |
| 001 | 9.597819 |
| 003 | CaOODSP |
| 005 | 20210624204231 |
| 007 | cr ||||||||||| |
| 008 | 150406|2004||||xxc|||||o f|0| 0 fre|d |
| 040 | |aCaOODSP|bfre |
| 043 | |an-cn--- |
| 086 | 1 |aTU3-5/04-3F-PDF |
| 110 | 2 |aBureau de la sécurité des transports du Canada. |
| 245 | 10|aPerte d'espacement mettant en cause le centre de contrôle régional de Montréal – secteur La Grande exploité par NAV CANADA à 160 nm au sud-sud-ouest de La Grande (Québec), le 13 janvier 2004 |h[ressource électronique] |
| 260 | |aGatineau - Québec : |bBureau de la sécurité des transports du Canada |c[2005]. |
| 300 | |a11p.|bill., références |
| 490 | 1 |aRapport d'enquête aéronautique |vA04Q0003 |
| 590 | |a10-05-Supp|b2010-07-20 |
| 691 | 07|aAccident d'avion|2gcpds |
| 775 | 08|tLoss of separation - NAV CANADA Montréal Area Control Centre – La Grande Sector, La Grande, Quebec 160 nm SSW, 13 January 2004 |w(CaOODSP)9.566301 |
| 830 | #0|aRapport d'enquête aéronautique ;|vA04Q0003|w(CaOODSP)9.501229 |
| 856 | 40|ahttp://publications.gc.ca|qPDF|s189 Ko|uhttps://publications.gc.ca/collections/collection_2009/bst-tsb/TU3-5-04-3F.pdf|yA04Q0003 |